000 00459nam a2200193Ia 4500
005 20240823042041.0
008 240823s9999||||xx |||||||||||||| ||und||
020 _a81-224-1229-7
041 _aENGLISH
082 _A621.3815 P0
100 _aParanjothi S R
245 0 _aElectric circuit Analysis
250 _a2nd
260 _c2010
_b"New Age,New Delhi"
500 _aTRANSFERED
650 _aCircuits
_bElectrical
942 _cBK
999 _c206950
_d206950